000 01710nam1a2200289 i 4500
001 RU\NLR\bibl\353313
005 20260407124901.0
035 _a(NLR Aleph) 000348011
090 _a258093
_c258093
100 _a20030104g20029999u y0rusy50 ca
101 0 _arus
102 _aRU
105 _ay |||||||||
200 1 _aСистематизированный сборник основных документов законодательной и нормативной базы профессионального образования
_fМ-во образования Рос. Федерации, Ин-т развития проф. образования, М-во труда и соц. развития Рос. Федерации, Всерос. науч.-практ. центр профориентации и психол. поддержки населения
210 _aМ.
_cAcademia
_d2002
215 _d22
463 0 _1001347080
606 _aНизшее профессиональное образование
_jЗаконы, постановления и т.п.
_yРоссийская Федерация
_92080886
_3RU\NLR\auth\661256838
606 _aНачальное профессиональное образование
_jЗаконодательные материалы
_yРоссийская Федерация
_92183504
_3RU\NLR\auth\661312903
686 _aЧ464(2)б
712 0 2 _4570
_aИнститут развития профессионального образования
_cМосква
_3RU\NLR\AUTH\889967895
_9432139
801 0 _aRU
_bNLR
_c20030104
_gPSBO
801 1 _aRU
_bNLR
_c20030104
852 _aNLR
_j2002-5/7238
942 _cBOOK